[Event "SR 3. liga A2 2005/2006"]
[Site "?"]
[Date "2006.??.??"]
[Round "?"]
[White "Pribila, Gerhard"]
[Black "Mikudik, Ivan"]
[Result "1/2-1/2"]
[WhiteElo "1960"]
[BlackElo "1875"]
[Annotator " 52.3"]
[PlyCount "71"]
[EventDate "2005.??.??"]

1. e4 e6 2. d4 d5 3. Nd2 c5 4. exd5 exd5 5. dxc5 Bxc5 6. Nb3 Bb6 7. Nf3 Ne7 8.
Be2 Nbc6 9. O-O O-O 10. Nbd4 Nf5 11. Nxf5 Bxf5 12. Bd3 Be4 13. Ng5 Qe7 14. Nxe4
dxe4 15. Bc4 Rad8 16. Qh5 Rd6 17. c3 Ne5 18. Bg5 Qd7 19. Bb3 Rg6 20. Bf4 Nd3
21. Bg3 Kh8 22. Rad1 f5 23. Qe2 Qe7 24. Rxd3 f4 25. Bxf4 Rxf4 26. Rg3 e3 27.
fxe3 Rxf1+ 28. Kxf1 Rxg3 29. hxg3 Qxe3 30. Qxe3 Bxe3 31. Bd5 b6 32. Ke2 Bc1 33.
b3 g6 34. g4 Kg7 $11 35. Kd3 Kf6 36. Kc4 1/2-1/2

[Event "SR 3. liga A2 2005/2006"]
[Site "?"]
[Date "2006.??.??"]
[Round "?"]
[White "Matus, Peter"]
[Black "Vach, Jozef"]
[Result "1/2-1/2"]
[WhiteElo "1720"]
[BlackElo "1970"]
[Annotator " 52.4"]
[PlyCount "91"]
[EventDate "2005.??.??"]

1. d4 Nf6 2. c4 e6 3. Nc3 d5 4. e3 c6 5. cxd5 exd5 6. Nf3 Bf5 7. Bd3 Bxd3 8.
Qxd3 Bd6 9. Bd2 Nbd7 10. a3 a5 11. O-O Qe7 12. Ng5 Bxh2+ 13. Kxh2 Ng4+ 14. Kg1
Qxg5 15. e4 Qh5 16. Qh3 $11 Qxh3 17. gxh3 Ngf6 18. exd5 cxd5 19. Rae1+ Kd8 20.
Bg5 h6 21. Bxf6+ $11 Nxf6 22. Re5 Re8 23. Rfe1 Kd7 24. Nxd5 Rxe5 25. Nxf6+ gxf6
26. dxe5 $11 Re8 27. Rd1+ Ke6 28. exf6 Kxf6 29. Rd7 b6 30. Kg2 Re6 31. Kf3 Kg6
32. Rd5 f6 33. Rb5 Kf7 34. a4 Kg6 35. b4 axb4 36. Rxb4 Kg5 37. Rb5+ f5 38. a5
bxa5 39. Rxa5 Rb6 40. h4+ Kf6 41. Kg3 h5 42. f3 Rd6 43. Kf4 Rd4+ 44. Kg3 Rd6
45. Kf4 Rd4+ 46. Kg3 1/2-1/2

[Event "SR 3. liga A2 2005/2006"]
[Site "?"]
[Date "2006.??.??"]
[Round "?"]
[White "Jozefovic, Milan"]
[Black "Lanyi, Frantisek"]
[Result "1/2-1/2"]
[WhiteElo "1775"]
[BlackElo "1625"]
[Annotator " 52.5"]
[PlyCount "58"]
[EventDate "2005.??.??"]

1. e4 e5 2. Bc4 Nf6 3. Nc3 Be7 4. Nf3 d6 5. d4 exd4 6. Nxd4 O-O 7. O-O a6 8. b3
b5 9. Bd3 h6 10. Bb2 Bd7 11. Nd5 Nxd5 12. exd5 Bf6 13. Rb1 c5 14. dxc6 Nxc6 15.
Be4 Rc8 16. Bxc6 Bxc6 17. Nxc6 Rxc6 18. Bxf6 Qxf6 19. Re1 Rfc8 20. Re2 Qg6 21.
Rc1 Qf6 22. h3 Qg6 23. Rd2 Re8 24. Qf3 Rec8 25. Qe2 Rc3 26. f3 Qg5 27. Kh1 Re3
28. Qf2 Rec3 29. Rcd1 Qc5 1/2-1/2

[Event "SR 3. liga A2 2005/2006"]
[Site "?"]
[Date "2006.??.??"]
[Round "?"]
[White "Lajda, Dusan"]
[Black "Kocak, Branislav"]
[Result "1/2-1/2"]
[WhiteElo "1715"]
[BlackElo "1705"]
[Annotator " 52.6"]
[PlyCount "43"]
[EventDate "2005.??.??"]

1. e4 c5 2. Nf3 d6 3. d4 cxd4 4. Nxd4 Nf6 5. Nc3 g6 6. Be3 Bg7 7. Qd2 Nc6 8. h4
h5 9. f3 Bd7 10. O-O-O a6 11. Kb1 Rc8 12. f4 Ng4 13. Bg1 O-O 14. Be2 b5 15.
Bxg4 Bxg4 16. Rf1 b4 17. Nce2 a5 18. f5 Nxd4 19. Nxd4 Qd7 20. fxg6 fxg6 21.
Rxf8+ Rxf8 22. Be3 1/2-1/2

[Event "SR 3. liga A2 2005/2006"]
[Site "?"]
[Date "2006.??.??"]
[Round "?"]
[White "Zajicek, Ferdinand"]
[Black "Podjavorinsky, Peter"]
[Result "1-0"]
[WhiteElo "1725"]
[BlackElo "1700"]
[Annotator " 52.7"]
[PlyCount "74"]
[EventDate "2005.??.??"]

1. e4 e5 2. Nf3 Nf6 3. Nc3 Nc6 4. Bc4 Bc5 5. O-O O-O 6. h3 a6 7. a3 Re8 8. d3
b5 9. Ba2 h6 10. Be3 Bf8 11. Nh2 Bb7 12. f4 exf4 13. Rxf4 Ne5 14. Bd4 d5 15.
Bxe5 Rxe5 16. d4 Re6 17. e5 Nh7 18. Qf3 Ng5 19. Qf2 c5 20. h4 cxd4 21. Qxd4 Rc8
22. b4 Rec6 23. Nxd5 Ne6 24. Qe3 Nxf4 25. Qxf4 Rxc2 26. Ne3 R2c7 27. Rd1 Rd7
28. Rf1 Qe8 29. Nhg4 Rc6 30. Nf5 Rg6 31. g3 Bd5 32. Bxd5 Rxd5 33. Nfxh6+ Rxh6
34. Qxh6 Rxe5 35. Qxa6 Re2 36. Qa7 Qe4 37. Qxf7+ Kh7 1-0

[Event "SR 3. liga A2 2005/2006"]
[Site "?"]
[Date "2006.??.??"]
[Round "?"]
[White "Meszaros, Lorant"]
[Black "Vach, Pavol"]
[Result "1-0"]
[WhiteElo "2110"]
[BlackElo "2165"]
[Annotator " 53.1"]
[PlyCount "131"]
[EventDate "2005.??.??"]

1. d4 Nf6 2. c4 e6 3. Nf3 d5 4. Nc3 Bb4 5. Bg5 Nbd7 6. e3 c6 7. a3 Bxc3+ 8.
bxc3 Qa5 9. Qb3 Ne4 10. Qb4 Qxb4 11. cxb4 Nxg5 12. Nxg5 a5 13. b5 cxb5 14. cxd5
exd5 15. Bxb5 Ke7 16. Rc1 f6 17. Nf3 Kd6 18. Ke2 Nb8 19. Rc3 Bd7 20. Rb1 Nc6
21. Bd3 Ra7 22. Rcb3 Nd8 23. Nd2 Bc6 24. Bb5 Re8 25. Bxc6 Kxc6 26. Rb6+ Kc7 27.
R6b5 Ne6 28. Kd3 Rd8 29. Rc1+ Kd6 30. Nb3 a4 31. Nc5 Nxc5+ 32. Rcxc5 Ke6 33.
Rc7 Rd7 34. Rxd7 Kxd7 35. Rxd5+ Kc6 36. Rc5+ Kd6 37. Rh5 h6 38. Rb5 Kc6 39. Kc4
b6 40. e4 Rc7 41. Rb4 h5 42. d5+ Kb7+ 43. Kd3 Rc1 44. Rxa4 Rh1 45. Rc4 Rd1+ 46.
Ke2 Ra1 47. Rc3 Ra2+ 48. Ke3 Ra1 49. f4 Re1+ 50. Kd4 Rd1+ 51. Rd3 Rf1 52. g3
Kc7 53. h4 Rb1 54. e5 Kd7 55. Ke4 Re1+ 56. Kf5 fxe5 57. fxe5 Re2 58. e6+ Kd6
59. Kg6 Re5 60. Kxg7 b5 61. Kf6 Re4 62. Kf5 Re5+ 63. Kf4 Re1 64. Re3 Rf1+ 65.
Kg5 Rf8 66. e7 1-0

[Event "SR 3. liga A2 2005/2006"]
[Site "?"]
[Date "2006.??.??"]
[Round "?"]
[White "Palka, M."]
[Black "Varga, Alexander"]
[Result "1/2-1/2"]
[WhiteElo "2045"]
[BlackElo "1890"]
[Annotator " 53.2"]
[PlyCount "119"]
[EventDate "2005.??.??"]

1. c4 e6 2. Nc3 Nf6 3. e4 Nc6 4. d4 Bb4 5. f3 d5 6. e5 Ng8 7. Be3 dxc4 8. Bxc4
Nge7 9. Nge2 Ba5 10. O-O Bb6 11. Na4 Nf5 12. Bf2 Nfxd4 13. Nxb6 Nxe2+ 14. Qxe2
axb6 15. Rfd1 Qe7 16. a3 O-O 17. Bb3 Qg5 18. Bg3 Qh5 19. Qe3 Ne7 20. Be1 c5 21.
Rac1 Nf5 22. Qe4 Nd4 23. Bc2 f5 24. exf6 gxf6 25. Bf2 e5 26. Bxd4 exd4 27. Bb3+
Kh8 28. Qe7 Qe8 29. Re1 Bf5 30. Qxb7 Qb5 31. Qd5 Bg6 32. Re7 d3 33. Qc4 Qc6 34.
Rce1 b5 35. Qc3 c4 36. Bd1 Rae8 37. Rxe8 Rxe8 38. Rxe8+ Bxe8 39. b3 Qe6 40. Kf2
Kg7 41. bxc4 bxc4 42. Qd4 Qa6 43. Qg4+ Kf8 44. Qd4 Bf7 45. Qc5+ Kg7 46. a4 Qe6
47. Qd4 Qe5 48. Qxe5 fxe5 49. Ke3 Bd5 50. a5 Bb7 51. Ba4 Ba6 52. Kd2 Kf6 53.
Bc6 Ke6 54. Kc3 h5 55. g3 h4 56. gxh4 Kf6 57. Be4 Kg7 58. Bf5 Kh6 59. Bg4 Kg7
60. Kd2 1/2-1/2

[Event "SR 3. liga A2 2005/2006"]
[Site "?"]
[Date "2006.??.??"]
[Round "?"]
[White "Szekely, Stefan"]
[Black "Skapikova, Lubica"]
[Result "0-1"]
[WhiteElo "2080"]
[BlackElo "2030"]
[Annotator " 53.3"]
[PlyCount "58"]
[EventDate "2005.??.??"]

1. c4 e5 2. Nc3 Nf6 3. d3 d5 4. cxd5 Nxd5 5. Nf3 Nc6 6. g3 f6 7. Bg2 Be6 8. O-O
Qd7 9. Re1 O-O-O 10. Qa4 Nb6 11. Qc2 Bh3 12. Be3 h5 13. Bxb6 $11 axb6 14. Qa4
Kb8 15. Nb5 Bxg2 16. Kxg2 h4 17. Rh1 g5 18. Rac1 h3+ 19. Kf1 g4 20. Nd2 f5 21.
Rg1 f4 22. Nc4 $11 f3 23. Nxe5 fxe2+ 24. Ke1 Bb4+ 25. Qxb4 Nxb4 26. Nxd7+ Rxd7
27. Kxe2 Re8+ 28. Kf1 Nxd3 29. Rd1 Rde7 0-1

[Event "SR 3. liga A2 2005/2006"]
[Site "?"]
[Date "2006.??.??"]
[Round "?"]
[White "Sipkovsky, Ivan"]
[Black "Both, Lajos"]
[Result "1/2-1/2"]
[WhiteElo "1915"]
[BlackElo "1990"]
[Annotator " 53.4"]
[PlyCount "123"]
[EventDate "2005.??.??"]

1. e4 c5 2. Nf3 e6 3. d4 cxd4 4. Nxd4 a6 5. Nc3 Qc7 6. Be3 Nf6 7. f3 Bb4 8. Qd3
d5 9. exd5 Nxd5 10. Bd2 Nxc3 11. bxc3 Be7 12. Qc4 Qe5+ 13. Be2 O-O 14. O-O b5
15. Qd3 Bc5 16. f4 Qd6 17. Kh1 Qb6 18. Rad1 Bb7 19. Qg3 Be4 20. Bf3 Bxf3 21.
Qxf3 Nd7 22. f5 e5 23. Ne2 Nf6 24. Bg5 Rad8 25. Ng3 h6 26. Bxf6 Qxf6 27. Ne4
Qb6 28. f6 g6 29. Qh3 Rxd1 30. Rxd1 Rd8 31. Rf1 Bf8 32. Ng3 Qe3 33. Qg4 Kh7 34.
h4 Qxc3 35. h5 Qxc2 36. Ne4 g5 37. Qf5+ Kh8 38. Qxe5 Qd3 39. Qf5 Qd5 40. Qf3
Qxa2 41. Rc1 Qe6 42. Rc7 Kg8 43. Ra7 Rc8 44. Ng3 Qe1+ 45. Kh2 Bd6 46. Rxa6
Qxg3+ 47. Qxg3 Bxg3+ 48. Kxg3 Rb8 49. Ra3 b4 50. Rb3 Rb6 51. Kg4 Kf8 52. Kf5
Rb5+ 53. Ke4 Ke8 54. Kd4 Kd7 55. Kc4 Kc6 56. g4 Rc5+ 57. Kd4 Rd5+ 58. Ke4 Kd6
59. Rxb4 Ke6 60. Rb6+ Rd6 61. Rxd6+ Kxd6 62. Kf5 1/2-1/2

[Event "SR 3. liga A2 2005/2006"]
[Site "?"]
[Date "2006.??.??"]
[Round "?"]
[White "Liska, Frantisek"]
[Black "Fidericky, Milan"]
[Result "1-0"]
[WhiteElo "2000"]
[BlackElo "1905"]
[Annotator " 53.5"]
[PlyCount "181"]
[EventDate "2005.??.??"]

1. d4 Nf6 2. Nf3 d5 3. Bf4 Bf5 4. e3 e6 5. Bd3 Bb4+ 6. c3 Bd6 7. Bxd6 Qxd6 8.
Bxf5 exf5 9. Ne5 O-O 10. Qc2 Qe6 11. Nd2 Nbd7 12. Nxd7 Qxd7 13. O-O Rac8 14.
Nf3 Ne4 15. Ne5 Qe6 16. f3 Nd6 17. Rae1 f6 18. Nd3 Rfe8 19. b3 Qf7 20. Nb2 b5
21. Nd3 Re7 22. Re2 Rce8 23. Rfe1 g5 24. Nc5 Qh5 25. Nd3 Qf7 26. Nf2 h5 27. Nh1
Kg7 28. Ng3 Qg6 29. Nf1 Qf7 30. Ng3 Qg6 31. Nf1 h4 32. Qd3 f4 33. Qxg6+ Kxg6
34. Kf2 fxe3+ 35. Rxe3 Rxe3 36. Rxe3 Rxe3 37. Nxe3 c6 38. g4 hxg3+ 39. hxg3 f5
40. Nc2 a5 41. Ne3 Kf6 42. g4 f4 43. Nc2 Ke6 44. Ke2 Nc8 45. Ne1 Nb6 46. Nd3
Nd7 47. Nf2 Nb6 48. Kd3 Kf6 49. Nd1 Ke6 50. Nb2 Nc8 51. Kd2 Nb6 52. Nd3 Nd7 53.
Kc2 Kd6 54. Kd2 Ke6 55. Nb2 Nb6 56. Kd3 Nc8 57. Kd2 Nd6 58. Nd3 Nb7 59. Nb2 Nd6
60. Kd3 Nc8 61. Kd2 Nb6 62. Nd3 Nd7 63. Kc2 Kd6 64. Nb2 Nb6 65. Kd3 Nc8 66. c4
Ne7 67. cxb5 cxb5 68. Kd2 Nc6 69. Kc3 Ke6 70. a3 Kd6 71. Nd3 Nd8 72. Nc5 Kc6
73. Kd3 Kd6 74. Kc2 Kc6 75. Kc3 Kd6 76. Nd3 Nc6 77. b4 axb4+ 78. Nxb4 Na5 79.
Nd3 Nc4 80. Kb4 Nd2 81. Ne5 Nc4 82. Nf7+ Ke7 83. Nxg5 Kf6 84. Nh3 Nd2 85. Ng1
Nc4 86. Kxb5 Nxa3+ 87. Kc5 Ke6 88. Ne2 Nc2 89. Nxf4+ Kf7 90. Nxd5 Ne1 91. f4
1-0

[Event "SR 3. liga A2 2005/2006"]
[Site "?"]
[Date "2006.??.??"]
[Round "?"]
[White "Zisek, Jaroslav"]
[Black "Arpa, Zoltan"]
[Result "1/2-1/2"]
[WhiteElo "1940"]
[BlackElo "1850"]
[Annotator " 53.6"]
[PlyCount "86"]
[EventDate "2005.??.??"]

1. c4 e6 2. Nc3 d5 3. d4 Nf6 4. Bg5 Be7 5. e3 O-O 6. Nf3 Nbd7 7. h3 dxc4 8.
Bxc4 c5 9. O-O a6 10. a4 b6 11. Bf4 Bb7 12. d5 exd5 13. Nxd5 Nxd5 14. Bxd5 Bxd5
15. Qxd5 Nf6 16. Qxd8 Rfxd8 17. Rfd1 Rxd1+ 18. Rxd1 Rd8 19. Rxd8+ Bxd8 20. Kf1
Nd5 21. Bd6 f6 22. e4 Nb4 23. Ke2 Kf7 24. Ne1 Ke6 25. Bf4 b5 26. axb5 axb5 27.
Bd2 Nc6 28. f4 Ba5 29. Bxa5 Nxa5 30. Nd3 c4 31. Nb4 Kd6 32. g4 Nc6 33. Na6 Nd4+
34. Ke3 Ne6 35. h4 Nc5 36. e5+ fxe5 37. fxe5+ Kd5 38. Nxc5 Kxc5 39. e6 Kd6 40.
Kd4 Kxe6 41. Kc5 Ke5 42. Kxb5 Kd4 43. Kc6 c3 1/2-1/2

[Event "SR 3. liga A2 2005/2006"]
[Site "?"]
[Date "2006.??.??"]
[Round "?"]
[White "Bernath, Mikulas"]
[Black "Sebesta, Radovan"]
[Result "0-1"]
[WhiteElo "1905"]
[BlackElo "1845"]
[Annotator " 53.7"]
[PlyCount "68"]
[EventDate "2005.??.??"]

1. d4 Nf6 2. c4 e6 3. Nc3 Bb4 4. a3 Bxc3+ 5. bxc3 O-O 6. e3 c5 7. Bd3 Nc6 8.
Ne2 d6 9. O-O b6 10. f3 Bb7 11. Qc2 h6 12. Bb2 Rc8 13. e4 cxd4 14. cxd4 Na5 15.
Rac1 Ba6 16. Qa4 Qd7 17. Qb4 Nc6 18. Qa4 Na5 $11 19. Qb4 Nc6 20. Qd2 Na5 21. e5
Nb3 22. Qe3 Nxc1 23. exf6 Nxd3 24. fxg7 Kxg7 25. Qxd3 Bxc4 26. Qe3 Bxe2 27.
Qxe2 Qa4 28. f4 Qc2 29. Qg4+ Qg6 30. d5+ Kh7 31. Qf3 Rc2 32. Bd4 Rg8 33. Bf2
Rc3 34. Be3 Rxe3 0-1

[Event "SR 3. liga A2 2005/2006"]
[Site "?"]
[Date "2006.??.??"]
[Round "?"]
[White "Havlicek, Peter"]
[Black "Fekete, Robert"]
[Result "1-0"]
[WhiteElo "1705"]
[BlackElo "1870"]
[Annotator " 53.8"]
[PlyCount "61"]
[EventDate "2005.??.??"]

1. e4 e6 2. d4 d5 3. exd5 exd5 4. Nf3 Bd6 5. Bd3 Ne7 6. O-O O-O 7. Bg5 Re8 8.
Re1 Be6 9. Nbd2 c6 10. Bh4 Bf4 11. Ne5 Qb6 12. Nb3 Bxe5 13. Rxe5 Nd7 14. Re3
Nf5 15. Bxf5 Bxf5 16. Rxe8+ Rxe8 17. c3 Re4 18. Bg3 Qd8 19. Nd2 Re6 20. Nf3 Bg4
21. Qd3 Qe8 22. Kf1 Nf6 23. Ne5 Bh5 24. f3 Nd7 25. Re1 f6 26. Nxd7 Rxe1+ 27.
Bxe1 Qxd7 28. Qe3 Bg6 29. Bg3 Qf5 30. Kf2 Qb1 31. Qe6+ 1-0

[Event "SR 3. liga A2 2005/2006"]
[Site "?"]
[Date "2006.??.??"]
[Round "?"]
[White "Lesny, Stefan"]
[Black "Hanzluvka, Peter"]
[Result "1-0"]
[WhiteElo "2095"]
[BlackElo "2050"]
[Annotator " 54.1"]
[PlyCount "85"]
[EventDate "2005.??.??"]

1. e4 c5 2. f4 d6 3. Nf3 Nf6 4. d3 Nc6 5. c3 e6 6. Na3 Be7 7. Nc2 a6 8. Ne3 b5
9. a3 Rb8 10. g3 O-O 11. Bg2 Qb6 12. O-O Bb7 13. Kh1 Na5 14. Bd2 Rfd8 15. f5 e5
16. b4 Nc6 17. Nd5 Nxd5 18. exd5 Na7 19. Ng5 Bxg5 20. Bxg5 f6 21. Be3 Qc7 22.
Qb3 Kh8 23. c4 Ba8 24. Rac1 a5 25. bxc5 bxc4 26. cxd6 Qxd6 27. Qxc4 Nc8 28. Bc5
Qd7 29. d4 Bxd5 30. Bxd5 Qxd5+ 31. Qxd5 Rxd5 32. dxe5 Rxe5 33. Rfd1 Re8 34. Re1
Rg8 35. Rb1 Ra8 36. Re6 h6 37. Rb7 Rd8 38. Kg2 Rd2+ 39. Kh3 Rd5 40. Bf8 Rxf5
41. Bxg7+ Kh7 42. Bxf6+ Kg6 43. Rg7+ 1-0

[Event "SR 3. liga A2 2005/2006"]
[Site "?"]
[Date "2006.??.??"]
[Round "?"]
[White "Diviak, R."]
[Black "Bebiak, Jozef"]
[Result "1/2-1/2"]
[WhiteElo "1945"]
[BlackElo "2160"]
[Annotator " 54.2"]
[PlyCount "87"]
[EventDate "2005.??.??"]

1. e4 c5 2. Nf3 d6 3. d4 cxd4 4. Nxd4 Nf6 5. Nc3 e5 6. Nb3 Be6 7. Be2 Be7 8.
O-O O-O 9. Kh1 Nbd7 10. f4 Nb6 11. Qe1 Rc8 12. fxe5 dxe5 13. Qg3 Nfd7 14. Bh6
Bf6 15. Rad1 Kh8 16. Bc1 Qe7 17. Nd2 Bh4 18. Qe3 Nb8 19. Nf3 Bf6 20. b3 Rfd8
21. Bb2 Nc6 22. Nb5 Bg4 23. c4 Bxf3 24. Bxf3 Rxd1 25. Rxd1 Rd8 26. Nc3 Nd4 27.
Nd5 Nxd5 28. cxd5 Rc8 29. Rc1 Qd8 30. Rxc8 Qxc8 31. Qc3 Qxc3 32. Bxc3 Be7 33.
Kg1 Bd6 34. Kf2 Kg8 35. Ke3 Nb5 36. Kd3 Kf8 37. a4 Nc7 38. Kc4 Ke7 39. Bg4 g6
40. Bc8 b6 41. b4 h6 42. Bd2 h5 43. g3 f6 44. Be3 $11 1/2-1/2

[Event "SR 3. liga A2 2005/2006"]
[Site "?"]
[Date "2006.??.??"]
[Round "?"]
[White "Obdrzalkova, Anitta"]
[Black "Pericka, Tomas"]
[Result "1/2-1/2"]
[WhiteElo "2130"]
[BlackElo "1945"]
[Annotator " 54.3"]
[PlyCount "36"]
[EventDate "2005.??.??"]

1. d4 Nf6 2. c4 e6 3. Nc3 d5 4. Bg5 c6 5. e3 Nbd7 6. Nf3 Qa5 7. Bxf6 Nxf6 8.
Nd2 Bb4 9. Qc2 O-O 10. Bd3 Re8 11. a3 e5 12. O-O Bxc3 13. bxc3 e4 14. Be2 Bd7
15. Rfb1 Qc7 16. Qb3 b6 17. cxd5 Nxd5 18. c4 Nf6 $11 1/2-1/2

[Event "SR 3. liga A2 2005/2006"]
[Site "?"]
[Date "2006.??.??"]
[Round "?"]
[White "Blazkova, Barbora"]
[Black "Farkas, Gabor"]
[Result "0-1"]
[WhiteElo "1965"]
[BlackElo "2135"]
[Annotator " 54.4"]
[PlyCount "76"]
[EventDate "2005.??.??"]

1. d4 d5 2. c4 e6 3. Nc3 c6 4. Nf3 dxc4 5. e3 b5 6. a4 Bb4 7. Bd2 a5 8. Na2
Bxd2+ 9. Qxd2 Nf6 10. Qc2 O-O 11. Be2 Nbd7 12. b3 cxb3 13. Qxb3 b4 14. Rc1 Bb7
15. O-O Rc8 16. Rfd1 Qb6 17. Nd2 c5 18. Nc4 Qc7 19. f3 Rfd8 20. Qb2 Bc6 21. Qb3
Nd5 22. Rc2 cxd4 23. exd4 Nf4 24. Bf1 Bd5 25. Qe3 Bxc4 26. Bxc4 Nd5 27. Qd3
N7b6 28. Rdc1 Nxc4 29. Rxc4 Qd7 30. Rxc8 Rxc8 31. Rxc8+ Qxc8 32. Qd2 Nc3 33.
Qc2 Qc4 34. Nc1 Qxd4+ 35. Kf1 h6 36. Nb3 Qc4+ 37. Ke1 Qc7 38. Nc1 Qxh2 0-1

[Event "SR 3. liga A2 2005/2006"]
[Site "?"]
[Date "2006.??.??"]
[Round "?"]
[White "Petenyi, Tamas"]
[Black "Fedor, Miroslav"]
[Result "1-0"]
[WhiteElo "2075"]
[BlackElo "1795"]
[Annotator " 54.5"]
[PlyCount "81"]
[EventDate "2005.??.??"]

1. e4 c5 2. Nf3 d6 3. d4 cxd4 4. Nxd4 Nf6 5. Nc3 a6 6. f3 g6 7. Be3 Bg7 8. Qd2
Nc6 9. Bc4 Na5 10. Be2 Qc7 11. O-O Nc4 12. Bxc4 Qxc4 13. Nce2 O-O 14. b3 Qc7
15. c4 Bd7 16. Nc3 Bc6 17. Rac1 Rac8 18. b4 Qb8 19. a4 Bd7 20. Qa2 e5 21. Nde2
Be6 22. Nd5 Nxd5 23. exd5 Bd7 24. c5 Rfe8 25. cxd6 Qxd6 26. Bc5 Qb8 27. Nc3 Bf8
28. Ne4 Kg7 29. Bxf8+ Rxf8 30. Rxc8 Rxc8 31. Nc5 Be8 32. a5 Bb5 33. Re1 Re8 34.
Qd2 b6 35. axb6 Qxb6 36. d6 a5 37. d7 Rd8 38. Qe3 axb4 39. Qxe5+ Kg8 40. Kh1
Bxd7 41. Nxd7 1-0

[Event "SR 3. liga A2 2005/2006"]
[Site "?"]
[Date "2006.??.??"]
[Round "?"]
[White "Wurschner, Miroslav"]
[Black "Varga, David"]
[Result "0-1"]
[WhiteElo "1785"]
[BlackElo "2095"]
[Annotator " 54.6"]
[PlyCount "114"]
[EventDate "2005.??.??"]

1. Nf3 Nf6 2. g3 d5 3. Bg2 e6 4. O-O Be7 5. d3 O-O 6. Nbd2 c5 7. c4 Nc6 8. Nb3
b6 9. Bd2 Ba6 10. Rc1 Rc8 11. Re1 dxc4 12. dxc4 Ne4 13. Na1 Bf6 14. b3 Nxd2 15.
Nxd2 Bb2 16. Rc2 Bd4 17. Nf3 Qf6 18. Nxd4 Nxd4 19. Rd2 Rcd8 20. e3 Nf3+ 21.
Bxf3 Rxd2 22. Qxd2 Qxf3 23. Qe2 Bb7 24. e4 Qc3 25. Rd1 Qe5 26. f3 f5 27. Nc2
fxe4 28. f4 Qf6 29. Ne3 Rd8 30. Rxd8+ Qxd8 31. Kf2 Qf6 32. Ng4 Qd4+ 33. Ne3 Bc8
34. Qg4 Bd7 35. Qd1 g6 36. Ke2 h5 37. Nc2 Qxd1+ 38. Kxd1 Kf7 39. Kd2 Kf6 40. h4
e5 41. fxe5+ Kxe5 42. Ne3 Bc6 43. Nc2 g5 44. Ke3 gxh4 45. gxh4 Kf5 46. b4 Ba4
47. Ne1 cxb4 48. Ng2 b3 49. axb3 Bxb3 50. Kd4 Kg4 51. Kxe4 Kg3 52. Nf4 Kxh4 53.
Kd4 Kg4 54. Nxh5 Kxh5 55. c5 Be6 56. c6 a5 57. Kc3 Kg5 0-1

[Event "SR 3. liga A2 2005/2006"]
[Site "?"]
[Date "2006.??.??"]
[Round "?"]
[White "Kolesar, Rastislav"]
[Black "Skapik, Branislav"]
[Result "1/2-1/2"]
[WhiteElo "1880"]
[BlackElo "1795"]
[Annotator " 54.7"]
[PlyCount "79"]
[EventDate "2005.??.??"]

1. e4 e5 2. Nf3 Nc6 3. d4 exd4 4. Bc4 Bc5 5. c3 dxc3 6. Bxf7+ Kxf7 7. Qd5+ Kf8
8. Qxc5+ Qe7 9. Qxe7+ Ngxe7 10. Nxc3 d6 11. O-O a6 12. b3 Bg4 13. Nd2 Ke8 14.
Nc4 Kd7 15. Ne3 Be6 16. Rd1 Rad8 17. Ncd5 Bxd5 18. Nxd5 Nxd5 19. Rxd5 Rde8 20.
f3 Re5 21. Rxe5 Nxe5 22. Bb2 Re8 23. Rd1 g6 $11 24. Kf2 Ke6 25. h3 Rf8 26. Ke3
g5 27. Rh1 Ng6 28. g3 d5 29. exd5+ Kxd5 30. Kf2 c5 31. Rd1+ Kc6 32. Bg7 Rf7 33.
Bc3 Ne7 34. Re1 Kd6 35. Re5 h6 36. a3 b5 37. Re4 Kd5 38. Re5+ Kd6 39. Re4 Kd5
40. Re5+ 1/2-1/2

[Event "SR 3. liga A2 2005/2006"]
[Site "?"]
[Date "2006.??.??"]
[Round "?"]
[White "Hanzluvka, Milan"]
[Black "Kantor, Reka"]
[Result "1/2-1/2"]
[WhiteElo "1740"]
[BlackElo "1820"]
[Annotator " 54.8"]
[PlyCount "121"]
[EventDate "2005.??.??"]

1. e4 e6 2. d4 d5 3. exd5 exd5 4. Nf3 Nf6 5. Bd3 Nc6 6. c3 Bd6 7. O-O O-O 8.
Re1 Bg4 9. Bg5 h6 10. Bh4 Be7 11. Nbd2 Re8 12. Qb3 Rb8 13. Bxf6 Bxf6 14. Rxe8+
Qxe8 15. Qxd5 Be6 16. Qe4 Qd7 17. Bb5 Bd5 18. Bxc6 Qxc6 19. Qd3 Re8 20. c4 Bxf3
21. Nxf3 Rd8 22. d5 Qc5 23. Qb3 b5 24. cxb5 Qxd5 25. Qxd5 Rxd5 26. Rb1 Bxb2 27.
a4 Rd3 28. Kf1 Bf6 29. Ke2 Ra3 30. Rb4 Be7 31. Rc4 Bd6 32. h3 Rb3 33. Nd4 Rb2+
34. Nc2 Kf8 35. Kd3 Rb1 36. Ke4 Rd1 37. Nd4 Ke8 38. Nc6 Kd7 39. Nxa7 Ra1 40.
Nc6 Kc8 41. Nd4 Kb7 42. Nf5 Bf8 43. Ne3 Bd6 44. Nd5 Ra2 45. Ke3 Ra3+ 46. Ke2
Ra2+ 47. Kf3 Ra3+ 48. Kg4 Ra2 49. Kf3 Ra3+ 50. Ne3 Kb6 51. Rc6+ Kb7 52. Rc4 Kb6
53. Ke2 Ka5 54. Rg4 Rxa4 55. Rxg7 Rf4 56. Nd5 Rf5 57. Ne3 Rf4 58. g3 Rf6 59.
Nd5 Rf5 60. Ne3 Rf6 61. Nd5 1/2-1/2

[Event "SR 3. liga A2 2005/2006"]
[Site "?"]
[Date "2006.??.??"]
[Round "?"]
[White "Kubis, Ivan"]
[Black "Lesny, Stefan"]
[Result "0-1"]
[WhiteElo "2065"]
[BlackElo "2135"]
[Annotator " 55.1"]
[PlyCount "77"]
[EventDate "2005.??.??"]

1. e4 e5 2. Nf3 Nc6 3. Bb5 d6 4. O-O Bd7 5. d4 Nf6 6. Re1 Be7 7. Nc3 exd4 8.
Nxd4 O-O 9. h3 a6 10. Nxc6 Bxc6 11. Bxc6 bxc6 12. f4 Nd7 13. Be3 Bf6 14. Qd3
Re8 15. Rad1 Qb8 16. Bc1 Nc5 17. Qc4 Qb6 18. Kh2 Bxc3 19. Qxc3 Nxe4 20. Qf3 f5
21. Re3 Qc5 22. Re2 d5 23. Rde1 Qd6 24. b3 Qf6 25. c4 d4 26. Bb2 Qd6 27. Qd3 c5
28. g3 a5 29. Bc1 a4 30. g4 axb3 31. axb3 Ra1 32. Qf3 d3 33. Rg2 Rd8 34. gxf5
d2 35. Qg4 Qf6 36. Bxd2 Rxd2 37. Rxe4 Rxg2+ 38. Qxg2 Qxf5 39. Qe2 {
biely padol cas} 0-1

[Event "SR 3. liga A2 2005/2006"]
[Site "?"]
[Date "2006.??.??"]
[Round "?"]
[White "Obdrzalkova, Anitta"]
[Black "Hrubsa, Vladimir"]
[Result "0-1"]
[WhiteElo "2050"]
[BlackElo "2055"]
[Annotator " 55.2"]
[PlyCount "78"]
[EventDate "2005.??.??"]

1. d4 Nf6 2. c4 g6 3. Nc3 d5 4. cxd5 Nxd5 5. e4 Nxc3 6. bxc3 Bg7 7. Bc4 c5 8.
Ne2 cxd4 9. cxd4 Nc6 10. Be3 Qa5+ 11. Qd2 Qxd2+ 12. Kxd2 O-O 13. Rhd1 Na5 14.
Bd3 Be6 15. Rab1 Bxa2 16. Rb4 b6 17. Ba6 Be6 18. d5 Rfd8 19. Ke1 Bc8 20. Bb5
Bd7 21. Ba6 e6 22. Bg5 f6 23. dxe6 Bxe6 24. Bd2 Bf8 25. Rd4 Nb3 26. Rxd8 Rxd8
27. Bc3 Rxd1+ 28. Kxd1 Nc5 29. Bb5 Nxe4 30. Bd4 Bb3+ 31. Ke1 Bb4+ 32. Kf1 Bc5
33. f3 Nd6 34. Bc6 Bxd4 35. Nxd4 Bc4+ 36. Kf2 Kf7 37. Ba4 Bd5 38. Ke1 a6 39.
Bc2 b5 0-1

[Event "SR 3. liga A2 2005/2006"]
[Site "?"]
[Date "2006.??.??"]
[Round "?"]
[White "Vepy, Ivan"]
[Black "Farkas, Gabor"]
[Result "0-1"]
[WhiteElo "1925"]
[BlackElo "2210"]
[Annotator " 55.3"]
[PlyCount "72"]
[EventDate "2005.??.??"]

1. e4 c5 2. Nf3 Nc6 3. d4 cxd4 4. Nxd4 Nf6 5. Nc3 e5 6. Nxc6 bxc6 7. Be2 Bb4 8.
Qd3 O-O 9. Bg5 Bxc3+ 10. bxc3 h6 11. Bh4 a5 12. O-O Ba6 13. c4 g5 14. Bg3 d5
15. exd5 Nxd5 16. Bxe5 Re8 17. Bg3 Nb4 18. Qf3 Nxc2 19. Rad1 Nd4 20. Kh1 Nxf3
21. Rxd8 Raxd8 22. Bxf3 Bxc4 23. Ra1 Bd5 24. Bc7 Ra8 25. Bg4 Bxa2 26. h4 Be6
27. Bf3 Bd5 28. Bxd5 cxd5 29. hxg5 hxg5 30. Rd1 Rec8 31. Be5 Rd8 32. Bf6 Rd6
33. Bxg5 a4 34. Be7 Rd7 35. Ba3 d4 36. Rd3 Rb8 0-1

[Event "SR 3. liga A2 2005/2006"]
[Site "?"]
[Date "2006.??.??"]
[Round "?"]
[White "Petenyi, Tamas"]
[Black "Londin, Martin"]
[Result "1-0"]
[WhiteElo "2030"]
[BlackElo "1915"]
[Annotator " 55.4"]
[PlyCount "137"]
[EventDate "2005.??.??"]

1. e4 e5 2. Nf3 Nc6 3. Bb5 d6 4. c3 a6 5. Ba4 Bg4 6. O-O Qf6 7. d3 Bxf3 8. Qxf3
Qxf3 9. gxf3 Nge7 10. f4 g6 11. fxe5 dxe5 12. f4 O-O-O 13. Bc2 Bh6 14. Na3 f5
15. fxe5 Bxc1 16. Raxc1 Nxe5 17. d4 Ng4 18. Rce1 Rhf8 19. h3 Nf6 20. exf5 Nxf5
21. Bxf5+ gxf5 22. Rxf5 Rg8+ 23. Kh2 Rg6 24. Rg1 Rh6 25. Nc4 Rf8 26. Rgf1 Kd7
27. Ne3 c6 28. R5f3 Rg6 29. Kh1 Re8 30. Nc4 Ke7 31. Ne3 Reg8 32. Nf5+ Kd7 33.
Nh4 Rh6 34. Rxf6 Rxh4 35. Kh2 Re8 36. Kg3 Rh5 37. Kg4 Ra5 38. Rf7+ Kd8 39. a3
Rg8+ 40. Kh4 Rgg5 41. Rxh7 Rg8 42. Rff7 Rb5 43. Rxb7 Rxb7 44. Rxb7 Rh8+ 45. Kg3
Rg8+ 46. Kf3 Rf8+ 47. Ke3 Kc8 48. Ra7 Rf6 49. Rxa6 Kb7 50. Ra5 Rh6 51. Kd3 Kb6
52. Rg5 Rxh3+ 53. Kc4 Rh2 54. b4 Rb2 55. a4 Rh2 56. a5+ Ka6 57. Kc5 Rh6 58. d5
cxd5 59. Rxd5 Ka7 60. b5 Rh8 61. Rd7+ Ka8 62. a6 Kb8 63. b6 Ka8 64. c4 Kb8 65.
Kb5 Ka8 66. c5 Kb8 67. c6 Kc8 68. b7+ Kb8 69. c7+ 1-0